| 000 | 004380000a22001810004500 | ||
|---|---|---|---|
| 003 | MACL | ||
| 005 | 20160129163809.0 | ||
| 008 | 160129b xxu||||| |||| 00| 0 eng d | ||
| 040 |
_aMACL _cMACL |
||
| 041 | _aEnglish | ||
| 082 | _a823/RYD | ||
| 100 |
_aRyder, Arthur W _918953 |
||
| 245 | _aThe Panchatantra | ||
| 260 |
_bJaico Publishing House _c2003 _aMumbai |
||
| 350 | _a160 | ||
| 650 |
_aFiction _935671 |
||
| 942 |
_cBK _k823/RYD _2ddc |
||
| 999 |
_c31413 _d31413 |
||